[Event "DEM U12w 2024"]
[Site "Willingen GER"]
[Date "2024.05.21"]
[Round "4"]
[White "Klymenko, Mariia"]
[Black "Ali, Maha"]
[Result "1-0"]
[Termination "normal"]
[Board "11"]
[WhiteElo "1438"]
[BlackElo "1667"]
[WhiteClock "00:05:02"]
[BlackClock "00:03:46"]
[PlyCount "87"]
[WhiteFideId "34620621"]
[BlackFideId "34626581"]
[EventCountry "GER"]
[EventRounds "9"]
[EventType "swiss"]
[EventDate "2024.05.18"]

1. d4 {[%clk 01:30:59]} {[%emt 00:00:01]} d5 {[%clk 01:30:52]} {[%emt
00:00:08]} 2. Bf4 {[%clk 01:31:26]} {[%emt 00:00:03]} Nf6 {[%clk 01:31:11]}
{[%emt 00:00:12]} 3. e3 {[%clk 01:31:48]} {[%emt 00:00:08]} e6 {[%clk
01:31:12]} {[%emt 00:00:29]} 4. c3 {[%clk 01:32:12]} {[%emt 00:00:07]} Bd6
{[%clk 01:31:30]} {[%emt 00:00:12]} 5. Bxd6 {[%clk 01:32:35]} {[%emt 00:00:07]}
Qxd6 {[%clk 01:31:41]} {[%emt 00:00:19]} 6. f4 {[%clk 01:32:56]} {[%emt
00:00:08]} Nbd7 {[%clk 01:31:26]} {[%emt 00:00:45]} 7. Nf3 {[%clk 01:33:13]}
{[%emt 00:00:13]} c5 {[%clk 01:30:33]} {[%emt 00:01:23]} 8. Bd3 {[%clk
01:32:30]} {[%emt 00:01:12]} a6 {[%clk 01:28:29]} {[%emt 00:02:35]} 9. Ne5
{[%clk 01:30:09]} {[%emt 00:02:50]} b5 {[%clk 01:27:17]} {[%emt 00:01:44]} 10.
Nd2 {[%clk 01:27:14]} {[%emt 00:03:24]} Nb6 {[%clk 01:22:32]} {[%emt 00:05:15]}
11. g4 {[%clk 01:17:25]} {[%emt 00:10:17]} Na4 {[%clk 01:16:44]} {[%emt
00:06:20]} 12. Rb1 {[%clk 01:10:23]} {[%emt 00:07:31]} Bb7 {[%clk 01:11:41]}
{[%emt 00:05:33]} 13. h4 {[%clk 01:03:35]} {[%emt 00:07:18]} Ne4 {[%emt
00:14:45]} 14. Nxe4 {[%clk 00:54:40]} {[%emt 00:00:18]} dxe4 {[%clk 01:05:50]}
{[%emt 00:01:12]} 15. Bc2 {[%clk 00:54:55]} {[%emt 00:00:15]} f6 {[%clk
00:52:02]} {[%emt 00:14:19]} 16. Bxa4 {[%clk 00:52:55]} {[%emt 00:02:29]} fxe5
{[%clk 00:51:14]} {[%emt 00:01:18]} 17. fxe5 {[%clk 00:52:08]} {[%emt
00:01:17]} Qd5 {[%clk 00:49:31]} {[%emt 00:02:13]} 18. Bb3 {[%clk 00:51:15]}
{[%emt 00:01:22]} c4 {[%clk 00:49:35]} {[%emt 00:00:27]} 19. Bc2 {[%clk
00:51:35]} {[%emt 00:00:10]} O-O {[%clk 00:46:38]} {[%emt 00:03:27]} 20. Rf1
{[%clk 00:44:25]} {[%emt 00:07:39]} Qd7 {[%clk 00:39:21]} {[%emt 00:07:47]} 21.
Rf2 {[%clk 00:40:08]} {[%emt 00:04:47]} Qe7 {[%clk 00:37:15]} {[%emt 00:02:36]}
22. g5 {[%clk 00:36:59]} {[%emt 00:03:39]} Rf7 {[%clk 00:32:22]} {[%emt
00:05:24]} 23. Qg4 {[%clk 00:29:57]} {[%emt 00:07:29]} Raf8 {[%clk 00:25:14]}
{[%emt 00:07:40]} 24. Rxf7 {[%clk 00:27:39]} Qxf7 {[%clk 00:24:56]} {[%emt
00:03:36]} 25. Qg2 {[%clk 00:23:43]} {[%emt 00:04:24]} Qh5 {[%clk 00:22:40]}
{[%emt 00:02:49]} 26. Qh2 {[%clk 00:10:17]} {[%emt 00:13:46]} Qf3 {[%clk
00:19:08]} {[%emt 00:04:12]} 27. Kd2 {[%clk 00:07:16]} {[%emt 00:03:31]} Qf2+
{[%clk 00:17:34]} {[%emt 00:02:04]} 28. Qxf2 {[%clk 00:07:39]} {[%emt
00:00:07]} Rxf2+ {[%clk 00:17:59]} {[%emt 00:00:05]} 29. Kd1 {[%clk 00:07:51]}
{[%emt 00:00:16]} Rh2 {[%clk 00:15:15]} {[%emt 00:03:16]} 30. b3 {[%clk
00:07:09]} {[%emt 00:01:13]} Bd5 {[%clk 00:10:37]} {[%emt 00:05:08]} 31. bxc4
{[%clk 00:06:09]} {[%emt 00:01:30]} Bxc4 {[%clk 00:10:59]} {[%emt 00:00:07]}
32. Bxe4 {[%clk 00:05:02]} {[%emt 00:01:38]} Bxa2 {[%clk 00:06:03]} {[%emt
00:05:26]} 33. Ra1 {[%clk 00:05:17]} {[%emt 00:00:11]} a5 {[%clk 00:05:15]}
{[%emt 00:01:22]} 34. Bb1 {[%clk 00:04:22]} {[%emt 00:01:22]} Rh1+ {[%clk
00:03:51]} {[%emt 00:01:57]} 35. Kc2 {[%clk 00:04:42]} {[%emt 00:00:06]} Bxb1+
{[%clk 00:03:28]} {[%emt 00:00:57]} 36. Rxb1 {[%clk 00:05:06]} {[%emt
00:00:06]} Rxb1 {[%clk 00:03:33]} {[%emt 00:00:25]} 37. Kxb1 {[%clk 00:05:31]}
{[%emt 00:00:04]} Kf7 {[%clk 00:03:59]} {[%emt 00:00:04]} 38. h5 {[%clk
00:05:45]} {[%emt 00:00:17]} Ke7 {[%clk 00:04:02]} {[%emt 00:00:27]} 39. e4
{[%clk 00:04:59]} {[%emt 00:01:16]} Kd7 {[%clk 00:03:47]} {[%emt 00:00:45]} 40.
d5 {[%clk 00:04:53]} {[%emt 00:00:36]} a4 {[%clk 00:03:24]} {[%emt 00:00:53]}
41. Kb2 {[%clk 00:04:13]} {[%emt 00:01:10]} Ke7 {[%clk 00:03:24]} {[%emt
00:00:30]} 42. Ka3 {[%clk 00:04:24]} {[%emt 00:00:19]} Kd7 {[%clk 00:03:45]}
{[%emt 00:00:09]} 43. Kb4 {[%clk 00:04:44]} {[%emt 00:00:10]} Ke7 {[%clk
00:03:46]} {[%emt 00:00:28]} 44. c4 {[%clk 00:05:02]} {[%emt 00:00:12]} 1-0

[Event "DEM U12w 2024"]
[Site "Willingen GER"]
[Date "2024.05.21"]
[Round "4"]
[White "Yang, Sophie"]
[Black "Kübart, Ela Marie"]
[Result "1-0"]
[Termination "normal"]
[Board "12"]
[WhiteElo "1543"]
[BlackElo "1567"]
[WhiteClock "00:50:25"]
[BlackClock "00:23:28"]
[PlyCount "73"]
[WhiteFideId "16279174"]
[BlackFideId "34633723"]
[EventCountry "GER"]
[EventRounds "9"]
[EventType "swiss"]
[EventDate "2024.05.18"]

1. d4 {[%clk 01:30:57]} {[%emt 00:00:02]} e6 {[%clk 01:30:55]} {[%emt
00:00:05]} 2. c4 {[%clk 01:31:04]} {[%emt 00:00:23]} f5 {[%clk 01:31:10]}
{[%emt 00:00:15]} 3. Nf3 {[%clk 01:30:54]} {[%emt 00:00:40]} c6 {[%clk
01:30:00]} {[%emt 00:01:41]} 4. Nc3 {[%clk 01:26:19]} {[%emt 00:05:05]} d5
{[%clk 01:28:59]} {[%emt 00:01:31]} 5. cxd5 {[%clk 01:21:42]} {[%emt 00:05:06]}
exd5 {[%clk 01:29:08]} {[%emt 00:00:21]} 6. Bf4 {[%clk 01:17:24]} {[%emt
00:04:46]} Nf6 {[%clk 01:26:50]} {[%emt 00:02:49]} 7. e3 {[%clk 01:14:49]}
{[%emt 00:03:05]} Bd6 {[%clk 01:25:28]} {[%emt 00:01:52]} 8. Be5 {[%clk
01:12:41]} {[%emt 00:02:39]} Qe7 {[%clk 01:23:37]} {[%emt 00:02:11]} 9. Bxf6
{[%clk 01:10:03]} {[%emt 00:03:18]} Qxf6 {[%clk 01:23:28]} {[%emt 00:00:39]}
10. a3 {[%clk 01:06:33]} {[%emt 00:04:00]} O-O {[%clk 01:21:45]} {[%emt
00:02:13]} 11. Be2 {[%clk 01:06:31]} {[%emt 00:00:32]} f4 {[%clk 01:15:53]}
{[%emt 00:06:22]} 12. e4 {[%clk 01:05:20]} {[%emt 00:01:41]} dxe4 {[%clk
01:10:59]} {[%emt 00:05:24]} 13. Nxe4 {[%clk 01:05:28]} {[%emt 00:00:22]} Qg6
{[%clk 01:05:51]} {[%emt 00:05:31]} 14. Nxd6 {[%clk 01:04:57]} {[%emt
00:01:08]} Qxd6 {[%clk 01:06:12]} {[%emt 00:00:09]} 15. O-O {[%clk 01:05:13]}
{[%emt 00:00:13]} b6 {[%clk 01:00:01]} {[%emt 00:06:42]} 16. Qb3+ {[%clk
01:03:26]} {[%emt 00:02:17]} Kh8 {[%clk 00:59:45]} {[%emt 00:00:45]} 17. Rad1
{[%clk 01:03:13]} {[%emt 00:00:34]} Re8 {[%clk 00:59:03]} {[%emt 00:01:16]} 18.
Rfe1 {[%clk 01:02:56]} {[%emt 00:00:51]} Bg4 {[%clk 00:58:11]} {[%emt
00:01:24]} 19. Ne5 {[%clk 01:00:35]} {[%emt 00:02:50]} Be6 {[%clk 00:51:26]}
{[%emt 00:07:01]} 20. Bc4 {[%clk 00:56:17]} {[%emt 00:05:03]} Kg8 {[%clk
00:31:32]} {[%emt 00:20:24]} 21. Nf3 {[%clk 00:52:13]} {[%emt 00:04:33]} Bxc4
{[%clk 00:26:15]} {[%emt 00:05:47]} 22. Rxe8+ {[%clk 00:51:37]} {[%emt
00:01:06]} Kf7 {[%clk 00:26:38]} {[%emt 00:00:07]} 23. Qxc4+ {[%clk 00:50:52]}
{[%emt 00:01:15]} Kxe8 {[%clk 00:26:18]} {[%emt 00:00:50]} 24. Qg8+ {[%clk
00:51:07]} {[%emt 00:00:15]} Kd7 {[%clk 00:25:39]} {[%emt 00:01:09]} 25. Qxg7+
{[%clk 00:51:19]} {[%emt 00:00:18]} Qe7 {[%clk 00:25:07]} {[%emt 00:01:02]} 26.
Qg4+ {[%clk 00:50:26]} {[%emt 00:01:21]} Kd8 {[%clk 00:24:37]} {[%emt
00:01:02]} 27. d5 {[%clk 00:48:37]} {[%emt 00:02:19]} c5 {[%clk 00:23:45]}
{[%emt 00:01:22]} 28. d6 {[%clk 00:48:28]} {[%emt 00:00:38]} Qe2 {[%clk
00:22:37]} {[%emt 00:01:39]} 29. Qg8+ {[%clk 00:48:36]} {[%emt 00:00:20]} Kd7
{[%clk 00:22:41]} {[%emt 00:00:27]} 30. Qf7+ {[%clk 00:48:53]} {[%emt
00:00:12]} Kd8 {[%clk 00:22:22]} {[%emt 00:00:42]} 31. Qc7+ {[%clk 00:49:14]}
{[%emt 00:00:17]} Ke8 {[%clk 00:22:40]} {[%emt 00:00:12]} 32. Re1 {[%clk
00:49:15]} {[%emt 00:00:29]} Qxe1+ {[%clk 00:22:51]} {[%emt 00:00:18]} 33. Nxe1
{[%clk 00:49:38]} {[%emt 00:00:08]} Nd7 {[%clk 00:23:11]} {[%emt 00:00:11]} 34.
Qc6 {[%clk 00:49:34]} {[%emt 00:00:31]} Rd8 {[%clk 00:23:21]} {[%emt 00:00:22]}
35. Qe4+ {[%clk 00:49:46]} {[%emt 00:00:16]} Ne5 {[%clk 00:23:02]} {[%emt
00:00:51]} 36. Qxe5+ {[%clk 00:50:06]} {[%emt 00:00:09]} Kd7 {[%clk 00:23:28]}
{[%emt 00:00:04]} 37. Qe7+ {[%clk 00:50:25]} {[%emt 00:00:10]} 1-0

[Event "DEM U12w 2024"]
[Site "Willingen GER"]
[Date "2024.05.21"]
[Round "4"]
[White "Wang, Enya Marie"]
[Black "Briese, Sophie"]
[Result "1-0"]
[Termination "normal"]
[Board "13"]
[WhiteElo "1614"]
[BlackElo "1475"]
[WhiteClock "00:13:11"]
[BlackClock "00:08:49"]
[PlyCount "107"]
[WhiteFideId "34660330"]
[BlackFideId "34660305"]
[EventCountry "GER"]
[EventRounds "9"]
[EventType "swiss"]
[EventDate "2024.05.18"]

1. e4 {[%clk 01:30:58]} {[%emt 00:00:01]} c5 {[%clk 01:30:54]} {[%emt
00:00:06]} 2. c3 {[%clk 01:31:20]} {[%emt 00:00:08]} d5 {[%clk 01:31:19]}
{[%emt 00:00:05]} 3. exd5 {[%clk 01:31:44]} {[%emt 00:00:06]} Qxd5 {[%clk
01:31:43]} {[%emt 00:00:06]} 4. Nf3 {[%clk 01:32:04]} {[%emt 00:00:10]} Nf6
{[%clk 01:32:04]} {[%emt 00:00:09]} 5. d4 {[%clk 01:32:11]} {[%emt 00:00:23]}
Bg4 {[%clk 01:32:14]} {[%emt 00:00:20]} 6. dxc5 {[%clk 01:31:41]} {[%emt
00:01:01]} Qxc5 {[%clk 01:27:32]} {[%emt 00:05:11]} 7. Be3 {[%clk 01:31:04]}
{[%emt 00:01:05]} Qd5 {[%clk 01:23:51]} {[%emt 00:04:12]} 8. Qa4+ {[%clk
01:28:44]} {[%emt 00:02:50]} Bd7 {[%clk 01:14:20]} {[%emt 00:10:02]} 9. Qc2
{[%clk 01:26:48]} {[%emt 00:02:25]} Nc6 {[%clk 01:10:26]} {[%emt 00:04:25]} 10.
Bd3 {[%clk 01:25:05]} {[%emt 00:02:13]} Bg4 {[%clk 01:05:23]} {[%emt 00:05:33]}
11. Nbd2 {[%clk 01:23:36]} {[%emt 00:01:58]} e6 {[%clk 01:04:42]} {[%emt
00:01:12]} 12. b4 {[%clk 01:17:35]} {[%emt 00:06:31]} a6 {[%clk 00:59:28]}
{[%emt 00:05:45]} 13. a3 {[%clk 01:14:47]} {[%emt 00:03:18]} Rd8 {[%clk
00:57:00]} {[%emt 00:02:58]} 14. Bc4 {[%clk 01:10:28]} {[%emt 00:04:49]} Qf5
{[%clk 00:55:13]} {[%emt 00:02:15]} 15. Qxf5 {[%clk 01:10:30]} {[%emt
00:00:29]} Bxf5 {[%clk 00:55:32]} {[%emt 00:00:11]} 16. a4 {[%clk 01:03:48]}
{[%emt 00:07:13]} Bd6 {[%clk 00:51:51]} {[%emt 00:04:10]} 17. Nh4 {[%clk
01:00:24]} {[%emt 00:03:55]} Bc2 {[%clk 00:48:06]} {[%emt 00:04:13]} 18. Ra2
{[%clk 00:59:37]} {[%emt 00:01:19]} Be4 {[%clk 00:44:52]} {[%emt 00:03:42]} 19.
Nxe4 {[%clk 00:59:44]} {[%emt 00:00:24]} Nxe4 {[%clk 00:45:13]} {[%emt
00:00:09]} 20. Rc2 {[%clk 00:59:57]} {[%emt 00:00:17]} Ne5 {[%clk 00:44:38]}
{[%emt 00:01:05]} 21. Be2 {[%clk 00:58:35]} {[%emt 00:01:52]} Rc8 {[%clk
00:39:53]} {[%emt 00:05:16]} 22. Bd4 {[%clk 00:55:12]} {[%emt 00:03:51]} f6
{[%clk 00:38:12]} {[%emt 00:02:12]} 23. b5 {[%clk 00:50:48]} {[%emt 00:04:55]}
a5 {[%clk 00:35:52]} {[%emt 00:02:50]} 24. Nf3 {[%clk 00:49:38]} {[%emt
00:01:39]} Bc5 {[%clk 00:29:39]} {[%emt 00:06:43]} 25. Bxe5 {[%clk 00:35:29]}
{[%emt 00:14:39]} fxe5 {[%clk 00:28:37]} {[%emt 00:01:33]} 26. O-O {[%clk
00:31:34]} {[%emt 00:04:23]} O-O {[%clk 00:26:23]} {[%emt 00:02:45]} 27. Bd3
{[%clk 00:30:55]} {[%emt 00:01:09]} Rf4 {[%clk 00:25:24]} {[%emt 00:01:29]} 28.
Re1 {[%clk 00:27:08]} {[%emt 00:04:18]} Bxf2+ {[%clk 00:24:20]} {[%emt
00:01:34]} 29. Rxf2 {[%clk 00:27:25]} {[%emt 00:00:12]} Nxf2 {[%clk 00:24:45]}
{[%emt 00:00:05]} 30. Kxf2 {[%clk 00:27:40]} {[%emt 00:00:15]} Rxc3 {[%clk
00:24:47]} {[%emt 00:00:28]} 31. Re3 {[%clk 00:27:14]} {[%emt 00:00:56]} Rc5
{[%clk 00:20:43]} {[%emt 00:04:27]} 32. Ke2 {[%clk 00:26:32]} {[%emt 00:01:19]}
Rxa4 {[%clk 00:19:17]} {[%emt 00:01:56]} 33. Nxe5 {[%clk 00:25:30]} {[%emt
00:01:33]} Ra2+ {[%clk 00:18:34]} {[%emt 00:01:12]} 34. Kf3 {[%clk 00:25:03]}
{[%emt 00:00:56]} a4 {[%clk 00:14:42]} {[%emt 00:04:23]} 35. Bc4 {[%clk
00:24:02]} {[%emt 00:01:31]} h6 {[%clk 00:12:51]} {[%emt 00:02:22]} 36. Bxe6+
{[%clk 00:24:03]} {[%emt 00:00:28]} Kh7 {[%clk 00:13:07]} {[%emt 00:00:13]} 37.
Bxa2 {[%clk 00:24:24]} {[%emt 00:00:11]} Rxb5 {[%clk 00:13:14]} {[%emt
00:00:22]} 38. Nc4 {[%clk 00:22:31]} {[%emt 00:02:23]} Rf5+ {[%clk 00:12:38]}
{[%emt 00:01:06]} 39. Ke2 {[%clk 00:22:52]} {[%emt 00:00:09]} Rg5 {[%clk
00:12:38]} {[%emt 00:00:30]} 40. g3 {[%clk 00:20:31]} {[%emt 00:02:51]} b5
{[%clk 00:12:46]} {[%emt 00:00:22]} 41. Nd6 {[%clk 00:19:28]} {[%emt 00:01:32]}
b4 {[%clk 00:12:39]} {[%emt 00:00:38]} 42. Bb1+ {[%clk 00:19:41]} {[%emt
00:00:18]} g6 {[%clk 00:11:25]} {[%emt 00:01:44]} 43. Re7+ {[%clk 00:19:43]}
{[%emt 00:00:26]} Kg8 {[%clk 00:11:39]} {[%emt 00:00:14]} 44. Re4 {[%clk
00:16:50]} {[%emt 00:03:25]} a3 {[%clk 00:11:00]} {[%emt 00:01:10]} 45. Rxb4
{[%clk 00:16:49]} {[%emt 00:00:31]} Ra5 {[%clk 00:11:16]} {[%emt 00:00:13]} 46.
Ba2+ {[%clk 00:16:59]} {[%emt 00:00:21]} Kg7 {[%clk 00:10:20]} {[%emt
00:01:25]} 47. Nc4 {[%clk 00:15:42]} {[%emt 00:01:47]} Rh5 {[%clk 00:10:32]}
{[%emt 00:00:18]} 48. h4 {[%clk 00:15:03]} {[%emt 00:01:10]} g5 {[%clk
00:10:39]} {[%emt 00:00:23]} 49. Rb5 {[%clk 00:14:32]} {[%emt 00:01:01]} Kg6
{[%clk 00:10:13]} {[%emt 00:00:55]} 50. Bb1+ {[%clk 00:14:25]} {[%emt
00:00:38]} Kf6 {[%clk 00:10:05]} {[%emt 00:00:37]} 51. Nxa3 {[%clk 00:14:40]}
{[%emt 00:00:16]} Kg7 {[%clk 00:09:04]} {[%emt 00:01:30]} 52. Be4 {[%clk
00:14:18]} {[%emt 00:00:52]} Kf6 {[%clk 00:09:02]} {[%emt 00:00:33]} 53. Bf3
{[%clk 00:14:18]} {[%emt 00:00:30]} gxh4 {[%clk 00:08:49]} {[%emt 00:00:43]}
54. Rxh5 {[%clk 00:13:11]} {[%emt 00:01:37]} 1-0

[Event "DEM U12w 2024"]
[Site "Willingen GER"]
[Date "2024.05.21"]
[Round "4"]
[White "Bayer, Klara"]
[Black "Jordan, Christina"]
[Result "0-1"]
[Termination "normal"]
[Board "14"]
[WhiteElo "1261"]
[BlackElo "1802"]
[WhiteClock "00:29:00"]
[BlackClock "00:11:42"]
[PlyCount "100"]
[WhiteFideId "34658955"]
[BlackFideId "1347977"]
[EventCountry "GER"]
[EventRounds "9"]
[EventType "swiss"]
[EventDate "2024.05.18"]

1. d4 {[%clk 01:30:58]} {[%emt 00:00:02]} d5 {[%clk 01:30:57]} {[%emt
00:00:03]} 2. c4 {[%clk 01:31:17]} {[%emt 00:00:11]} c6 {[%clk 01:31:24]}
{[%emt 00:00:03]} 3. cxd5 {[%clk 01:31:33]} {[%emt 00:00:14]} cxd5 {[%clk
01:20:54]} {[%emt 00:11:00]} 4. Bf4 {[%clk 01:31:50]} {[%emt 00:00:14]} Nc6
{[%clk 01:20:12]} {[%emt 00:01:12]} 5. e3 {[%clk 01:32:03]} {[%emt 00:00:16]}
e6 {[%clk 01:13:54]} {[%emt 00:06:48]} 6. Nf3 {[%clk 01:31:39]} {[%emt
00:00:53]} Bd6 {[%clk 01:10:13]} {[%emt 00:04:11]} 7. Bxd6 {[%clk 01:31:13]}
{[%emt 00:00:56]} Qxd6 {[%clk 01:10:39]} {[%emt 00:00:05]} 8. Nc3 {[%clk
01:31:07]} {[%emt 00:00:36]} a6 {[%clk 01:09:09]} {[%emt 00:02:00]} 9. a3
{[%clk 01:30:24]} {[%emt 00:01:13]} Nf6 {[%clk 01:04:43]} {[%emt 00:04:56]} 10.
Bd3 {[%clk 01:28:33]} {[%emt 00:02:20]} O-O {[%clk 01:03:29]} {[%emt 00:01:45]}
11. Qc2 {[%clk 01:27:53]} {[%emt 00:01:10]} h6 {[%clk 01:02:33]} {[%emt
00:01:25]} 12. O-O {[%clk 01:27:55]} {[%emt 00:00:28]} b5 {[%clk 00:53:10]}
{[%emt 00:09:54]} 13. b4 {[%clk 01:25:46]} {[%emt 00:02:39]} Bb7 {[%clk
00:51:47]} {[%emt 00:01:53]} 14. Rac1 {[%clk 01:24:44]} {[%emt 00:01:31]} Rac8
{[%clk 00:50:40]} {[%emt 00:01:38]} 15. Ne2 {[%clk 01:21:57]} {[%emt 00:03:17]}
Nxb4 {[%clk 00:40:31]} {[%emt 00:10:38]} 16. Qd2 {[%clk 01:19:57]} {[%emt
00:02:31]} Nxd3 {[%clk 00:40:54]} {[%emt 00:00:07]} 17. Qxd3 {[%clk 01:19:31]}
{[%emt 00:00:55]} Ne4 {[%clk 00:38:44]} {[%emt 00:02:41]} 18. Rfd1 {[%clk
01:17:55]} {[%emt 00:02:06]} Rc4 {[%clk 00:36:41]} {[%emt 00:02:31]} 19. Nd2
{[%clk 01:14:11]} {[%emt 00:04:16]} Nxd2 {[%clk 00:34:52]} {[%emt 00:02:19]}
20. Rxd2 {[%clk 01:13:58]} {[%emt 00:00:43]} Rfc8 {[%clk 00:34:50]} {[%emt
00:00:32]} 21. Rdd1 {[%clk 01:11:14]} {[%emt 00:03:14]} Qc6 {[%clk 00:30:57]}
{[%emt 00:04:21]} 22. Qd2 {[%clk 01:10:12]} {[%emt 00:01:33]} a5 {[%clk
00:27:43]} {[%emt 00:03:45]} 23. h3 {[%clk 01:03:54]} {[%emt 00:06:48]} Qc7
{[%clk 00:26:19]} {[%emt 00:01:51]} 24. Rb1 {[%clk 01:01:42]} {[%emt 00:02:44]}
Ba6 {[%clk 00:26:07]} {[%emt 00:00:43]} 25. Nf4 {[%clk 00:59:37]} {[%emt
00:02:35]} Rc2 {[%clk 00:24:30]} {[%emt 00:02:06]} 26. Qe1 {[%clk 00:59:24]}
{[%emt 00:00:44]} Rc3 {[%clk 00:22:56]} {[%emt 00:02:03]} 27. Ra1 {[%clk
00:57:29]} {[%emt 00:02:26]} Qd6 {[%clk 00:20:23]} {[%emt 00:03:01]} 28. Rd3
{[%clk 00:43:32]} {[%emt 00:14:29]} b4 {[%clk 00:16:47]} {[%emt 00:04:06]} 29.
Rxc3 {[%clk 00:43:40]} {[%emt 00:00:22]} bxc3 {[%clk 00:16:48]} {[%emt
00:00:29]} 30. Qc1 {[%clk 00:43:03]} {[%emt 00:01:06]} f6 {[%clk 00:15:05]}
{[%emt 00:02:14]} 31. Qc2 {[%clk 00:42:21]} {[%emt 00:01:11]} e5 {[%clk
00:14:05]} {[%emt 00:01:31]} 32. Ne2 {[%clk 00:40:44]} {[%emt 00:02:06]} Bxe2
{[%clk 00:13:13]} {[%emt 00:01:22]} 33. Qxe2 {[%clk 00:38:11]} {[%emt
00:03:04]} exd4 {[%clk 00:12:19]} {[%emt 00:01:24]} 34. exd4 {[%clk 00:38:09]}
{[%emt 00:00:32]} Rc4 {[%clk 00:12:12]} {[%emt 00:00:37]} 35. Qe8+ {[%clk
00:37:26]} {[%emt 00:01:12]} Kh7 {[%clk 00:12:33]} {[%emt 00:00:10]} 36. Qe3
{[%clk 00:35:46]} {[%emt 00:02:10]} Qb6 {[%clk 00:11:30]} {[%emt 00:01:31]} 37.
Qd3+ {[%clk 00:35:22]} {[%emt 00:00:56]} Kg8 {[%clk 00:11:22]} {[%emt
00:00:37]} 38. Qf5 {[%clk 00:31:53]} {[%emt 00:04:00]} Qd6 {[%clk 00:07:57]}
{[%emt 00:03:51]} 39. Rb1 {[%clk 00:29:37]} {[%emt 00:02:50]} c2 {[%clk
00:07:23]} {[%emt 00:01:05]} 40. Rb8+ {[%clk 00:29:06]} {[%emt 00:01:00]} Qxb8
{[%clk 00:07:48]} {[%emt 00:00:04]} 41. Qxd5+ {[%clk 00:29:15]} {[%emt
00:00:22]} Kh8 {[%clk 00:08:16]} {[%emt 00:00:02]} 42. Qxc4 {[%clk 00:29:14]}
{[%emt 00:00:30]} Qb1+ {[%clk 00:08:42]} {[%emt 00:00:05]} 43. Kh2 {[%emt
00:00:26]} c1=Q {[%clk 00:09:05]} 44. Qe2 {[%clk 00:28:39]} {[%emt 00:01:15]}
Qh1+ {[%clk 00:09:23]} {[%emt 00:00:13]} 45. Kg3 {[%clk 00:28:55]} {[%emt
00:00:13]} Qg6+ {[%clk 00:09:49]} {[%emt 00:00:04]} 46. Kf3 {[%clk 00:29:07]}
{[%emt 00:00:19]} Qhxg2+ {[%clk 00:10:00]} {[%emt 00:00:19]} 47. Ke3 {[%clk
00:29:14]} {[%emt 00:00:22]} Q6e4+ {[%clk 00:10:21]} {[%emt 00:00:09]} 48. Kd2
{[%clk 00:29:15]} {[%emt 00:00:30]} Qxe2+ {[%clk 00:10:49]} {[%emt 00:00:03]}
49. Kxe2 {[%clk 00:29:29]} {[%emt 00:00:15]} Qe4+ {[%clk 00:11:16]} {[%emt
00:00:02]} 50. Kf1 {[%clk 00:29:00]} {[%emt 00:00:58]} Qxd4 {[%clk 00:11:42]}
{[%emt 00:00:05]} 0-1